ARRUPE JESUIT UNIVERSITY

CORONAVIRUS -STOP THE SPREAD - CLEAN,DISINFECT,COVER

Le bossu (Record no. 125171)

MARC details
000 -LEADER
fixed length control field 00421nam a22001337a 4500
005 - DATE AND TIME OF LATEST TRANSACTION
control field 20160831090810.0
008 - FIXED-LENGTH DATA ELEMENTS--GENERAL INFORMATION
fixed length control field 160831b xxu||||| |||| 00| 0 eng d
050 ## - LIBRARY OF CONGRESS CALL NUMBER
Classification number PQ2153.A36
100 ## - MAIN ENTRY--PERSONAL NAME
Personal name Anicet-Bourgeois, Auguste
9 (RLIN) 25570
245 ## - TITLE STATEMENT
Title Le bossu
Remainder of title ou le petit parisien
Statement of responsibility, etc by Anicet-Bourgeois, Auguste and Feval Paul
260 ## - PUBLICATION, DISTRIBUTION, ETC. (IMPRINT)
Place of publication, distribution, etc Paris
Name of publisher, distributor, etc Librairie Theatrale
Date of publication, distribution, etc no date
300 ## - PHYSICAL DESCRIPTION
Extent 140p.;
Dimensions 19cm.
942 ## - ADDED ENTRY ELEMENTS (KOHA)
Source of classification or shelving scheme Library of Congress Classification
Item type Monograph ( Printed materials)
Holdings
Withdrawn status Lost status Source of classification or shelving scheme Damaged status Not for loan Collection code Home library Current library Shelving location Date acquired Total Checkouts Full call number Barcode Date last seen Price effective from Koha item type
    Library of Congress Classification     Main Collection ARRUPE LIBRARY ARRUPE LIBRARY Main Collection 31/08/2016   PQ2153.A36 46500009563 26/03/2019 31/08/2016 Monograph ( Printed materials)

 

Arrupe Library. PO Box MP320 Mt Pleasant, Harare, Zimbabwe
263 242 745411|librarian@aju.ac.zw